| 000 | 00640cam a2200229 i 4500 | ||
|---|---|---|---|
| 001 | 799882 | ||
| 003 | OSt | ||
| 005 | 20250901165803.0 | ||
| 008 | 750620t19761975mau 000 1 eng | ||
| 010 | _a 75020165 | ||
| 020 | _a0395219000 | ||
| 040 |
_aDLC _cDLC _dDLC _dOCoLC |
||
| 050 | 0 | 0 |
_aPZ 4 .L415 Bi 1975 _bBi _aPS3562.A86 |
| 082 | 0 | 0 | _a813/.5/4 |
| 100 | 1 | _aLaw, Janice. | |
| 245 | 1 | 4 |
_aThe big payoff / _cJanice Law. |
| 260 |
_aBoston : _bHoughton Mifflin, _c1976, c1975. |
||
| 300 |
_a179 p. ; _c22 cm. |
||
| 655 | 7 |
_aDetective and mystery stories. _2gsafd |
|
| 906 |
_a7 _bcbc _corignew _d1 _eocip _f19 _gy-gencatlg |
||
| 942 |
_2lcc _cBK |
||
| 999 |
_c9245 _d9245 |
||